Statistics for Formula 1: Most Points Per Decade 1950-1959

Click here to take the quiz!

General Stats

  • This quiz has been taken 96 times
  • The average score is 16 of 30

Answer Stats

PointsDriverNationality% Correct
277.64Juan Manuel FangioArgentina
100%
127.33Nino FarinaItaly
95%
112.14Alberto AscariItaly
94%
37Jack BrabhamAustralia
90%
146.64Stirling MossUK
90%
127.64Mike HawthornUK
83%
77.64José Froilán GonzálezArgentina
78%
16.5Bruce McLarenNew Zealand
72%
29Phil HillUS
68%
13Wolfgang von TripsWest Germany
67%
47Peter CollinsUK
66%
62Tony BrooksUK
61%
32Luigi FagioliItaly
52%
44Luigi MussoItaly
52%
70.33Maurice TrintignantFrance
52%
13Dan GurneyUS
49%
13Jo BonnierSweden
49%
41Piero TaruffiItaly
44%
51.14Jean BehraFrance
40%
19.5Eugenio CastellottiItaly
34%
49Luigi VilloresiItaly
30%
17Karl KlingWest Germany
29%
18Louis RosierFrance
24%
17Roy SalvadoriUK
24%
16Stuart Lewis-EvansUK
22%
32Harry SchellUS
21%
20Masten GregoryUS
18%
17.5Felice BonettoItaly
17%
16Robert ManzonFrance
15%
13Roberto MieresArgentina
15%

Score Distribution

Percentile by Number Answered

Percent of People with Each Score

Your Score History

You have not taken this quiz